00698nam a22001817a 4500999001900000005001700019010001300036020002600049035001300075037003200088082001100120100002200131245005900153260004500212300002300257942002500280952021100305 c165518d16551820190620164530.0 aB-728391 a9789386223531c150.00 aB-728391 bB.R. Publishing Corporation a954.08 aLohia, Rammanohar aGuilty men of India's partition /cby Rammanohar Lohia aDelhibB.R. Publishing Corporationc2019 a101p. c22cm (pbk) 2ddccENh954.08mLOH 001040708NFICaZLSbZLSd2019-06-20eRK Books/IN457/2019-20/03.06.2019/07/29.06.2019/17.06.2019g150.00l2m3o954.08 LOHpB-728391r2022-12-30 00:00:00s2022-11-19t1v150.00w2019-06-20yENzSpl. power